Los pliegues del bosque / (Registro nro. 8175)

Detalles MARC
000 -CABECERA
campo de control de longitud fija 01961nam a2200313 a 4500
001 - NÚMERO DE CONTROL
campo de control 000000457
003 - IDENTIFICADOR DEL NÚMERO DE CONTROL
campo de control DO-SdBPM
005 - FECHA Y HORA DE LA ÚLTIMA TRANSACCIÓN
campo de control 20250904112728.0
007 - CAMPO FIJO DE DESCRIPCIÓN FÍSICA--INFORMACIÓN GENERAL
campo de control de longitud fija ta
008 - DATOS DE LONGITUD FIJA--INFORMACIÓN GENERAL
campo de control de longitud fija 090130s2008 dr a 00 0 spa d
020 ## - NÚMERO INTERNACIONAL ESTÁNDAR DEL LIBRO
Número Internacional Estándar del Libro 9789945856781
020 ## - NÚMERO INTERNACIONAL ESTÁNDAR DEL LIBRO
Número Internacional Estándar del Libro 9945856782
040 ## - FUENTE DE LA CATALOGACIÓN
Centro catalogador/agencia de origen DO-SdBPM
Lengua de catalogación spa
Centro/agencia transcriptor BPMSU
Normas de descripción rda
082 #4 - NÚMERO DE LA CLASIFICACIÓN DECIMAL DEWEY
Número de clasificación RD861.44
Número de documento/Ítem B443p 2008
Número de edición 22
100 1# - ENTRADA PRINCIPAL--NOMBRE DE PERSONA
Nombre de persona Belliard, Basilio
Término indicativo de función/relación autor
245 14 - MENCIÓN DE TÍTULO
Título Los pliegues del bosque /
Mención de responsabilidad, etc. Basilio Belliard.
264 ## - PRODUCCIÓN, PUBLICACIÓN, DISTRIBUCIÓN, FABRICACIÓN Y COPYRIGHT
Producción, publicación, distribución, fabricación y copyright Santo Domingo :
Nombre del de productor, editor, distribuidor, fabricante Editora Búho,
Fecha de producción, publicación, distribución, fabricación o copyright 2008.
300 ## - DESCRIPCIÓN FÍSICA
Extensión 76 páginas :
Dimensiones 21 cm.
336 ## - TIPO DE CONTENIDO
Término de tipo de contenido texto
Código de tipo de contenido txt
Fuente rdacontent
337 ## - TIPO DE MEDIO
Nombre/término del tipo de medio sin mediación
Código del tipo de medio n
Fuente rdamedia
338 ## - TIPO DE SOPORTE
Nombre/término del tipo de soporte volumen
Código del tipo de soporte nc
Fuente rdacarrier
500 ## - NOTA GENERAL
Nota general Incluye datos biográficos del autor en la solapa de la cubierta
505 0# - NOTA DE CONTENIDO CON FORMATO
Título Prólogo --
-- Piel de fuego --
-- Noches húmedas --
-- Sinfonía del cuerpo --
-- Manjar de los instintos --
-- Los que se aman --
-- Maja --
-- Labios carmesíes --
-- Monte de venus --
-- Canción de los ojos --
-- Unísonos gemidos --
-- Popular estación --
-- Frenesí de tacto --
-- Lunáticos fulgores --
-- Vulva marina --
-- Manzanas encendidas --
-- Labios verticales --
-- Líneas de pieles --
-- Entre-piernas --
-- Geometría --
-- Punto G --
-- Balada del paraíso --
-- Loto dorado --
-- Verticales tegumentos --
-- Curva de la felicidad --
-- Bosque del cuerpo --
-- Leda y el cisne --
-- Dánae --
-- Flor abierta --
-- Venus de Urbino --
-- Puntos al aire --
-- Femme fatale --
-- Cuerpo, piel, sexo --
-- Ninfa --
-- Querida --
-- Monte --
-- Breve cárcel --
-- Sed --
-- Ghost --
-- Lecho --
-- Cuerpo en llamas --
-- Fuente --
-- Líneas de piel --
-- Eros --
-- Beso líquido --
-- Arquitectura sedienta --
-- Cuerpo derramado --
-- Alimentos del suspiro --
-- Labios sordos --
-- Epicentro del cuerpo --
-- Amor de cepo --
-- Canción de los labios.
590 ## - NOTA LOCAL (RLIN)
Nota local Inventariado, 2024/VM
650 #4 - PUNTO DE ACCESO ADICIONAL DE MATERIA--TÉRMINO DE MATERIA
Término de materia o nombre geográfico como elemento de entrada Poesía dominicana
650 #4 - PUNTO DE ACCESO ADICIONAL DE MATERIA--TÉRMINO DE MATERIA
Término de materia o nombre geográfico como elemento de entrada Literatura dominicana
910 ## - DATOS DE OPCIÓN DEL USUARIO (OCLC)
Datos de opción del usuario VMateo V. Control de calidad. BPMSU
942 ## - ELEMENTOS DE PUNTO DE ACCESO ADICIONAL (KOHA)
Fuente del sistema de clasificación o colocación Dewey Decimal Classification
Tipo de ítem Koha Libros
Existencias
Estado de retiro Estado de pérdida Fuente del sistema de clasificación o colocación No para préstamo Código de colección Localización permanente Ubicación/localización actual Fecha de adquisición Fuente de adquisición Total de préstamos Signatura topográfica completa Código de barras Fecha visto por última vez Precio válido a partir de Tipo de ítem Koha Número de copia
    Dewey Decimal Classification   Colección Dominicana Biblioteca Pública Metropolitana Salomé Ureña Biblioteca Pública Metropolitana Salomé Ureña 08/11/2015   BPMSU CD RD861.44 B443p 2008 BPMSU15080293 08/11/2015 08/11/2015 Libros  
    Dewey Decimal Classification   Colección Dominicana Biblioteca Pública Metropolitana Salomé Ureña Biblioteca Pública Metropolitana Salomé Ureña 08/11/2015 BNPHU   BPMSU CD RD861.44 B443p 2008 BPMSU15080294 08/11/2015 08/11/2015 Libros e.2
    Dewey Decimal Classification   Colección Dominicana Biblioteca Pública Metropolitana Salomé Ureña Biblioteca Pública Metropolitana Salomé Ureña 11/10/2017 BNPHU   BPMSU CD RD861.44 B443p 2008 BPMSU17110141 11/10/2017 11/10/2017 Libros e.3